| 000 | 04098nam a22004937a 4500 | ||
|---|---|---|---|
| 001 | BRCA_9225 | ||
| 003 | FranzMayer | ||
| 005 | 20220921133820.0 | ||
| 008 | 220909b |||||||| |||| 00| 0 eng d | ||
| 020 | _a9788417633455 | ||
| 040 |
_bspa _cMFM |
||
| 041 | _aspa | ||
| 050 |
_aNX650.W37 _bJ37 2018 v.6 |
||
| 245 |
_aJapón y el agua : _bestudios de patrimonio y humanidades |
||
| 260 |
_aZaragoza, España : _bPrensas de la Universidad de Zaragoza, _c2018 |
||
| 300 |
_a302 p. : _bil. fot. tablas ; _c16.5 x 21.5 cm. |
||
| 490 |
_aColección Federico Torralba de Estudios de Asia Oriental _v6 |
||
| 500 | _aUbicación: L60-N1 | ||
| 500 | _aÍndice: pp. 301-302 | ||
| 504 | _aBibliografía: pp. 298-300 | ||
| 505 |
_tIntroducción / _rDavid Almazán Tomás |
||
| 505 |
_t¿Cómo suena el agua en las obras de la literatura japonesa? Estudio comparativo de la traducción literaria / _rMizuho Narita |
||
| 505 |
_tUn paseo sobre el agua: Nigorie (Aguas turbulentas), de Ichiyo Higuchi, y su recepción en el círculo literario inglés. Londres, 1896 / _rPilar Garcés García |
||
| 505 |
_tArquetipo femenino, punto de vista masculino: el agua en Komachi hensō (El disfraz de Komachi), de Enchi Fumiko / _rIrene Starace |
||
| 505 |
_tConstrucción del sujeto femenino a través del ritual del aseo u ofuro en Yoko Tawada, El baño / _rJesús Pérez-García |
||
| 505 |
_tEl agua como medio para expresar las transformaciones de identidad. Un análisis interdisciplinar de El baño, de Yoko Tawada / _rNuria Ruiz Morillas |
||
| 505 |
_tLos paisajes del agua de Japón. Dos visiones en los relatos de viajeros hispanos en la era Meiji (1868-1912) / _rElena Barlés Báguena |
||
| 505 |
_tTemplos del agua: Musashi. La leyenda del samurái, de Eiji Yoshikawa. Fuentes del agua en Les Samouraïs de Julia Kristeva / _rLourdes Terrón Barbosa |
||
| 505 |
_tCuatro mares traicionados: El marino que perdió la gracia del mar, de Yukio Mishima, en versiones musicales de Hans Werner Henze / _rJuan Urdániz Escolano |
||
| 505 |
_tHokusai y sus Mil vistas del mar: la serie Chie no umi (1833) / _rDavid Almazán Tomás |
||
| 505 |
_tEl agua en la cerámica Satsuma / _rDavid Lacasta Sevillano |
||
| 505 |
_tLagos, jardines, cascadas y mares. Espacios acuáticos representados en la fotografía Meiji a través de las colecciones españolas / _rCarolina Plou |
||
| 505 |
_tLa presencia del agua en el arte contemporáneo japonés: la obra del artista Ikeya Tomohide / _rAlejandra Rodríguez Cunchillos |
||
| 505 |
_tPor sendas del agua. Prácticas artísticas contemporáneas en flujo / _rIratxe Hernández Simal |
||
| 505 |
_tEl agua en el anime japonés: simbolismo y significados / _rClaudia Bonillo Fernández |
||
| 505 |
_tMizu no sekai. El agua en el cine de Hayao Miyasaki / _rRaúl Fortes Guerrero |
||
| 520 | _a"Japón y el agua: estudios de patrimonio y humanidades" es un conjunto de recientes investigaciones interdisciplinarias sobre el protagonismo del agua en la cultura, las artes y las letras de Japón. Una primera parte del libro, dedicada al ámbito literario y la traducción, presenta estudios que se centran en destacadas escritoras japonesas como Ichiyō Higuchi, Fumiko Enchi Y Yōko Tawada, complementados con el comentario de algunas obras de escritores occidentales inspirados en Japón, como Enrique Gómez Carrillo y Julia Kristeva, también del músico Hans Werner Henze. En el ámbito del arte, se abordan temáticas tan variadas como el grabado, la cerámica, la fotografía, la pintura o el cine de animación, con artistas que han destacado por un potente tratamiento simbólico y visual del agua, como Katsushika Hokusai, Ikeya Tomohide, Fujiko Nakaya, Shinichi Maruyama, Hiroshi Sugimoto, Tomoko Sauvage, Chiharu Shiota y Hayao Miyazaki. - Proporcionado por el editor. | ||
| 650 |
_aAgua _xFolklore _zJapón _928540 |
||
| 650 |
_aArte _zJapón _91166 |
||
| 650 |
_aLiteratura _zJapón _928541 |
||
| 700 |
_aAlmazán, David _ecoord. _928542 |
||
| 942 |
_2lcc _cB |
||
| 999 |
_c10844 _d10844 |
||